000 01006nam a2200253 a 4500
001 BRCA_6932
005 20190320205639.0
008 171111s1953----enka######---#000-0#eng-#
041 _aeng
044 _aenk
050 4 _aN6550
_b.M48 1953
245 1 0 _aMexican art from 1500 B. C. to the present day
_billustrated supplement to the catalogue of an exhibition at the Tate Gallery, London 4 March to 26 April 1953
_cunder the auspices of the Mexican Government
260 _a[Londres]
_bArts Council of Great Britain
_c1953
300 _a1 v. (sin paginación)
_bil., 68 láminas
_c21 cm.
500 _aSon 2 ejemplares idénticos con el mismo número de inventario
500 _aIncluye por separado la invitación para la inauguración oficial
500 _aO154
650 1 4 _aArte mexicano
_xExposiciones
_92101
650 1 4 _aGalerías y museos
_zInglaterra
_917276
710 2 _aTate Gallery (Londres)
_917277
710 2 _aArts Council of Great Britain
_917278
902 _aGFM
942 _2lcc
_cB
999 _c6614
_d6614